[Event "Junior Online 4NCL Division 4"]
[Site "online"]
[Date "2021.09.02"]
[EventDate "2021.09.02"]
[Round "2.183"]
[White "Broachi, Zain"]
[WhiteElo "1082"]
[WhiteTeam "JHJ Shark Tank 8"]
[Black "Pan, Ailun"]
[BlackElo "1220"]
[BlackTeam "London Dragons Californium"]
[Result "0-1"]
[PlyCount "68"]

1. e4 e5 2. Nf3 Nc6 3. Bc4 Nf6 4. O-O Bc5 5. Nc3 d6 6. d3 Bg4 7. h3 Bh5 8. g4 Nxg4 9. Ng5 Bxf2+ 10. Rxf2 Nxf2 11. Qxh5 g6 12. Qf3 f6 13. Qxf2 Qd7 14. Qxf6 Rf8 15. Bf7+ Rxf7 16. Nxf7 Qxf7 17. Qh8+ Qf8 18. Qxh7 O-O-O 19. Qxg6 Rd7 20. Qh5 Rg7+ 21. Bg5 Nd4 22. Rf1 Qg8 23. Qg4+ Kb8 24. Nb5 Nxc2 25. h4 Ne3 26. Qh5 Nxf1 27. Kxf1 Qf8+ 28. Kg1 a6 29. Nc3 Rf7 30. Nd5 Rf1+ 31. Kg2 Qf2+ 32. Kh3 Rh1+ 33. Kg4 Rg1+ 34. Kh3 Qg2# 0-1

[Event "Junior Online 4NCL Division 4"]
[Site "online"]
[Date "2021.09.02"]
[EventDate "2021.09.02"]
[Round "2.184"]
[White "Tao, Max"]
[WhiteElo "1200"]
[WhiteTeam "London Dragons Californium"]
[Black "Bradshaw, Cleo"]
[BlackElo "1042"]
[BlackTeam "JHJ Shark Tank 8"]
[Result "0-1"]
[PlyCount "70"]

1. e4 e5 2. Nf3 Nc6 3. d4 Qe7 4. Bc4 Nf6 5. O-O g6 6. Ng5 exd4 7. Bxf7+ Kd8 8. Bf4 h6 9. Ne6+ dxe6 10. c3 Qxf7 11. cxd4 Nxe4 12. Nc3 Qxf4 13. Re1 Nxc3 14. bxc3 Bd6 15. Qb3 Qxh2+ 16. Kf1 e5 17. Qf7 Bg4 18. f3 Rf8 19. Qd5 Bxf3 20. gxf3 exd4 21. Re2 Qh1+ 22. Kf2 Qxa1 23. Qe6 d3 24. Rd2 Bc5+ 25. Kg3 Qg1+ 26. Kh4 Qg5+ 27. Kh3 Rxf3+ 28. Kh2 Bg1+ 29. Kh1 Qxd2 30. Qd5+ Ke7 31. Kxg1 Qf2+ 32. Kh1 Qf1+ 33. Kh2 Rf2+ 34. Kg3 Qg1+ 35. Kh3 Rh2# 0-1

[Event "Junior Online 4NCL Division 4"]
[Site "online"]
[Date "2021.09.02"]
[EventDate "2021.09.02"]
[Round "2.185"]
[White "Wang, Hantin"]
[WhiteElo "1270"]
[WhiteTeam "London Dragons Californium"]
[Black "Singh-Raj, Aryan"]
[BlackElo "1154"]
[BlackTeam "JHJ Shark Tank 8"]
[Result "0-1"]
[PlyCount "72"]

1. d4 d5 2. Bf4 Nc6 3. e3 Nf6 4. Nf3 Bf5 5. c3 e6 6. Nbd2 Bd6 7. Ne5 O-O 8. Be2 Bxe5 9. dxe5 Ne4 10. Nxe4 Bxe4 11. f3 Bf5 12. O-O h6 13. Bd3 Bxd3 14. Qxd3 g5 15. Bg3 h5 16. h3 h4 17. Bh2 f6 18. Qg6+ Kh8 19. Qh5+ Kg8 20. f4 gxf4 21. Bxf4 fxe5 22. Qg6+ Kh8 23. Qh6+ Kg8 24. Qxe6+ Rf7 25. Qg4+ Rg7 26. Qh5 exf4 27. exf4 Kf8 28. f5 Ke7 29. Rae1+ Kd7 30. f6 Rg8 31. Qf7+ Kc8 32. Rd1 Kb8 33. Rxd5 Qf8 34. Qe6 Qe8 35. Qf5 Qe2 36. f7 Qxg2# 0-1

[Event "Junior Online 4NCL Division 4"]
[Site "online"]
[Date "2021.09.02"]
[EventDate "2021.09.02"]
[Round "2.186"]
[White "Bryant, Amelie"]
[WhiteElo "1209"]
[WhiteTeam "JHJ Shark Tank 8"]
[Black "Xue, Max"]
[BlackElo "1250"]
[BlackTeam "London Dragons Californium"]
[Result "0-1"]
[PlyCount "134"]

1. e4 c5 2. d4 cxd4 3. c3 dxc3 4. Nxc3 Nf6 5. Bc4 g6 6. Nf3 Bg7 7. O-O O-O 8. e5 Ne8 9. e6 fxe6 10. Bxe6+ Kh8 11. Ng5 Nd6 12. Bc4 Nxc4 13. b3 Bxc3 14. bxc4 Bxa1 15. Qd5 e6 16. Qd2 b6 17. Ba3 Bf6 18. Bxf8 Bxg5 19. f4 Bf6 20. Bd6 Nc6 21. Be5 Nxe5 22. fxe5 Bxe5 23. Qh6 Bd4+ 24. Kh1 Bg7 25. Qf4 Bb7 26. Qf7 Qf8 27. Qxf8+ Rxf8 28. Rg1 Bd4 29. Re1 Ba6 30. a3 Bxc4 31. a4 Rf1+ 32. Rxf1 Bxf1 33. h3 Kg8 34. g3 Bxh3 35. Kh2 Bg4 36. Kg2 Kf7 37. Kh2 Kf6 38. Kg2 Ke5 39. Kf1 Kd5 40. Ke1 Kc4 41. Kd2 Kb4 42. Kc2 Bf5+ 43. Kd2 Kxa4 44. Ke2 Be5 45. Ke3 Bxg3 46. Kd4 b5 47. Kc3 Bd3 48. Kxd3 Bf2 49. Kc2 Be1 50. Kb2 Bc3+ 51. Kxc3 h5 52. Kc2 h4 53. Kd2 h3 54. Ke2 h2 55. Ke3 h1=Q 56. Kd4 Qd5+ 57. Ke3 b4 58. Kf4 b3 59. Kg4 Qf5+ 60. Kh4 b2 61. Kg3 b1=R 62. Kg2 Rb2+ 63. Kg3 Qg5+ 64. Kf3 e5 65. Ke4 Qf4+ 66. Kd5 Rd2+ 67. Kc5 Qd4# 0-1

[Event "Junior Online 4NCL Division 4"]
[Site "online"]
[Date "2021.09.02"]
[EventDate "2021.09.02"]
[Round "2.187"]
[White "Pan, Ailun"]
[WhiteElo "1220"]
[WhiteTeam "London Dragons Californium"]
[Black "Broachi, Zain"]
[BlackElo "1082"]
[BlackTeam "JHJ Shark Tank 8"]
[Result "1-0"]
[PlyCount "77"]

1. e4 e5 2. Nf3 Nc6 3. Bc4 Nf6 4. Nc3 Bc5 5. O-O O-O 6. d3 h6 7. Be3 d6 8. Bxc5 dxc5 9. Re1 Bg4 10. h3 Bh5 11. Nd5 Nxd5 12. exd5 Nd4 13. Rxe5 g6 14. g4 f6 15. gxh5 fxe5 16. Nxe5 Qg5+ 17. Ng4 Nf3+ 18. Kh1 Qxh5 19. Kg2 Rae8 20. d6+ Kh8 21. dxc7 Ne1+ 22. Kh2 Nf3+ 23. Kg2 Qh4 24. Bd5 Ne5 25. Nxe5 Qxf2+ 26. Kh1 Rxe5 27. Bxb7 Qf5 28. c8=Q Rxc8 29. Bxc8 Qxc8 30. Qf3 h5 31. Qf6+ Kg8 32. Qxe5 Qxh3+ 33. Qh2 Qf3+ 34. Qg2 Qf4 35. Rf1 Qh4+ 36. Kg1 Qd4+ 37. Rf2 Qxb2 38. Qxg6+ Kh8 39. Rf8# 1-0

[Event "Junior Online 4NCL Division 4"]
[Site "online"]
[Date "2021.09.02"]
[EventDate "2021.09.02"]
[Round "2.188"]
[White "Bradshaw, Cleo"]
[WhiteElo "1042"]
[WhiteTeam "JHJ Shark Tank 8"]
[Black "Tao, Max"]
[BlackElo "1200"]
[BlackTeam "London Dragons Californium"]
[Result "0-1"]
[PlyCount "66"]

1. e4 e5 2. f4 exf4 3. Nf3 Nc6 4. d4 Nf6 5. Bd3 Ng4 6. h3 Ne3 7. Bxe3 fxe3 8. Qe2 Nb4 9. Qxe3 d6 10. a3 Nc6 11. d5 Ne5 12. Nxe5 dxe5 13. Nc3 b6 14. O-O-O Be7 15. Bb5+ Bd7 16. Bxd7+ Qxd7 17. Rhf1 Qd8 18. Nb5 Bg5 19. Nc3 Bxe3+ 20. Kb1 O-O 21. Rde1 Bd2 22. Re2 Bxc3 23. bxc3 Re8 24. Rf5 Qd7 25. a4 b5 26. Ref2 bxa4 27. Kc1 a3 28. Kb1 Qa4 29. Ka2 Rab8 30. Rxf7 c5 31. R2f6 Qc4+ 32. Ka1 Qxc3+ 33. Ka2 Qb2# 0-1

[Event "Junior Online 4NCL Division 4"]
[Site "online"]
[Date "2021.09.02"]
[EventDate "2021.09.02"]
[Round "2.192"]
[White "Hans-Jee, Sebastian"]
[WhiteElo "812"]
[WhiteTeam "JHJ Shark Tank 9"]
[Black "Warnock, Oliver"]
[BlackElo "1255"]
[BlackTeam "Farnham Fantasticos B"]
[Result "0-1"]
[PlyCount "20"]

1. d4 Nf6 2. Nf3 b6 3. e4 Nxe4 4. Nc3 Nxc3 5. bxc3 Bb7 6. Bc4 e6 7. O-O Be7 8. Ng5 Bxg5 9. Bxg5 Qxg5 10. Qc1 Qxg2# 0-1

[Event "Junior Online 4NCL Division 4"]
[Site "online"]
[Date "2021.09.02"]
[EventDate "2021.09.02"]
[Round "2.196"]
[White "Warnock, Oliver"]
[WhiteElo "1255"]
[WhiteTeam "Farnham Fantasticos B"]
[Black "Hans-Jee, Sebastian"]
[BlackElo "812"]
[BlackTeam "JHJ Shark Tank 9"]
[Result "1-0"]
[PlyCount "115"]

1. d4 d5 2. c4 dxc4 3. Bf4 Nf6 4. e3 Nc6 5. Bxc4 a6 6. a4 Bf5 7. Nf3 e6 8. Qb3 b6 9. h3 Na5 10. Qc3 Nxc4 11. Qxc4 Bd6 12. Be5 Bxe5 13. Nxe5 O-O 14. O-O Be4 15. Nc3 Bd5 16. Qd3 Nh5 17. e4 Bb7 18. Nf3 f5 19. e5 f4 20. Nd2 Qe8 21. Ne2 f3 22. Nxf3 Bxf3 23. gxf3 Qg6+ 24. Qxg6 hxg6 25. Kg2 Nf4+ 26. Nxf4 Rxf4 27. Rfd1 b5 28. axb5 a5 29. Rac1 Rf7 30. Rc6 Re8 31. Ra1 Ra8 32. Rxe6 Kh7 33. Rc1 a4 34. Rec6 Ra7 35. Ra1 Rd7 36. Ra6 Rxa6 37. bxa6 Rxd4 38. a7 Rd8 39. Rxa4 c5 40. a8=Q Rxa8 41. Rxa8 c4 42. Rc8 c3 43. Rxc3 Kg8 44. e6 Kf8 45. Rc7 Ke8 46. b3 g5 47. b4 g4 48. fxg4 Kd8 49. Rxg7 Ke8 50. b5 Kd8 51. b6 Kc8 52. e7 Kb7 53. e8=Q+ Kxb6 54. Qe5 Kc6 55. Rg6+ Kd7 56. Qg7+ Ke8 57. Rf6 Kd8 58. Rf8# 1-0

[Event "Junior Online 4NCL Division 4"]
[Site "online"]
[Date "2021.09.02"]
[EventDate "2021.09.02"]
[Round "2.202"]
[White "Mishra, Mihir"]
[WhiteElo "940"]
[WhiteTeam "Chess Challengers G"]
[Black "Illingworth-Law, Oscar"]
[BlackElo "1008"]
[BlackTeam "Edgware Gambits H"]
[Result "0-1"]
[PlyCount "62"]

1. e4 e5 2. Nf3 Nc6 3. Bb5 a6 4. Bxc6 dxc6 5. Nxe5 Bd6 6. f4 Qh4+ 7. g3 Qh3 8. Qg4 Qg2 9. Qf3 Qh3 10. Qb3 Qg2 11. Qf3 Qh3 12. Nc3 Bxe5 13. fxe5 Bg4 14. Qf2 O-O-O 15. d3 Rd7 16. Bf4 h6 17. Ne2 g5 18. Be3 Ne7 19. Qxf7 Ng8 20. Ng1 Qg2 21. Qf8+ Rd8 22. Qg7 Ne7 23. Qxe7 Qxh1 24. e6 Qg2 25. Bd4 Rxd4 26. Qf7 Qxg1+ 27. Kd2 Qxa1 28. Qe7 Qd1+ 29. Kc3 c5 30. Qf7 Qe1+ 31. Kb3 Qb4# 0-1

[Event "Junior Online 4NCL Division 4"]
[Site "online"]
[Date "2021.09.02"]
[EventDate "2021.09.02"]
[Round "2.203"]
[White "Yarranton, Isaac"]
[WhiteElo "1000"]
[WhiteTeam "Edgware Gambits H"]
[Black "Rajaram, Hamsikha"]
[BlackElo "940"]
[BlackTeam "Chess Challengers G"]
[Result "1-0"]
[PlyCount "99"]

1. d4 d5 2. Bf4 Nc6 3. Nc3 Nf6 4. Nb5 e5 5. dxe5 Nxe5 6. Bxe5 Rb8 7. Bxc7 Qe7 8. Bxb8 Be6 9. Bd6 Qd8 10. e4 Bxd6 11. Nxd6+ Qxd6 12. exd5 Bxd5 13. Bc4 Qe6+ 14. Be2 Bxg2 15. c3 Bxh1 16. Qa4+ Ke7 17. Qb4+ Qd6 18. Rd1 Qxb4 19. cxb4 Ne4 20. Bf3 Bxf3 21. Nxf3 Nxf2 22. Kxf2 Rd8 23. Re1+ Kf8 24. Ne5 Rd2+ 25. Re2 Rxe2+ 26. Kxe2 h5 27. b5 g5 28. Nf3 f5 29. Nxg5 Kg7 30. Ne6+ Kh6 31. Nf4 h4 32. h3 Kg5 33. Kf3 Kf6 34. Nh5+ Ke5 35. Ng7 f4 36. a4 a6 37. bxa6 bxa6 38. b4 a5 39. bxa5 Kf6 40. a6 Kxg7 41. a7 Kh6 42. a8=Q Kh5 43. Qd5+ Kh6 44. Qf5 Kg7 45. Qxf4 Kg6 46. Ke4 Kh5 47. Qg4+ Kh6 48. Kf5 Kh7 49. Kf6 Kh6 50. Qxh4# 1-0

[Event "Junior Online 4NCL Division 4"]
[Site "online"]
[Date "2021.09.02"]
[EventDate "2021.09.02"]
[Round "2.204"]
[White "Kailaje, Vedant"]
[WhiteElo "940"]
[WhiteTeam "Chess Challengers G"]
[Black "Patel, Kamran"]
[BlackElo "930"]
[BlackTeam "Edgware Gambits H"]
[Result "1-0"]
[PlyCount "117"]

1. e4 e5 2. Nf3 Nc6 3. Bc4 Be7 4. Nc3 Nf6 5. d3 O-O 6. Be3 d6 7. O-O Bg4 8. Qe2 h6 9. h3 Bh5 10. a4 Nb4 11. b3 Nc6 12. Qd2 a6 13. Bxh6 Bxf3 14. Qg5 g6 15. gxf3 Nd4 16. Rac1 Nxf3+ 17. Kh1 Nxg5 18. Bxf8 Qxf8 19. Rg1 Nxh3 20. Rg3 Nxf2+ 21. Kh2 Qh6+ 22. Kg2 Qxc1 23. Rh3 Qg5+ 24. Rg3 Qd2 25. Kf3 Qxc3 26. Kxf2 Qxc2+ 27. Kf3 Qd1+ 28. Kg2 Qe2+ 29. Kh3 Qf1+ 30. Kh2 Ng4+ 31. Rxg4 Qf2+ 32. Rg2 Qh4+ 33. Kg1 Qe1+ 34. Kh2 Bh4 35. Kh3 Qh1+ 36. Rh2 Be1 37. Rxh1 Ba5 38. Rf1 Kg7 39. Rxf7+ Kh6 40. Rf3 Rh8 41. Kg2 Kg5 42. Rg3+ Kf4 43. Rf3+ Kg5 44. Rg3+ Kf6 45. Rf3+ Kg7 46. Rf7+ Kh6 47. Rf3 Kh5 48. Rh3+ Kg4 49. Rxh8 Be1 50. Bf7 g5 51. Bh5+ Kf4 52. Rf8+ Ke3 53. Rf3+ Kd2 54. Kf1 Bh4 55. Rh3 Be1 56. Rh2+ Ke3 57. Kg2 Kf4 58. Rh3 c5 59. Rf3# 1-0

[Event "Junior Online 4NCL Division 4"]
[Site "online"]
[Date "2021.09.02"]
[EventDate "2021.09.02"]
[Round "2.205"]
[White "Botnari, Diana"]
[WhiteElo "938"]
[WhiteTeam "Chess Challengers G"]
[Black "Bagchi, Aadi"]
[BlackElo "1003"]
[BlackTeam "Edgware Gambits H"]
[Result "0-1"]
[PlyCount "92"]

1. e4 e5 2. Nf3 Nc6 3. Nc3 Nf6 4. Bb5 d6 5. O-O a6 6. Bd3 Be7 7. h3 O-O 8. Ng5 h6 9. Nf3 Re8 10. Nd5 Nxd5 11. exd5 Nb8 12. Re1 b6 13. a3 Bb7 14. Be4 Nd7 15. c4 b5 16. b3 Nf6 17. Bd3 bxc4 18. bxc4 c5 19. Bb2 Qd7 20. Nh4 g6 21. g4 Rad8 22. f3 Ra8 23. a4 a5 24. Bc3 Bf8 25. Be4 Bg7 26. Ng2 Qd8 27. f4 exf4 28. Nxf4 Nxe4 29. Bxg7 Kxg7 30. Nh5+ gxh5 31. gxh5 Kh8 32. Qc2 Nf6 33. Qc3 Rxe1+ 34. Rxe1 Bc8 35. Rf1 Kg7 36. Kg2 Ra7 37. Kg3 Rb7 38. Kh4 Qe7 39. Qg3+ Kf8 40. Rg1 Rb2 41. Qg7+ Ke8 42. Qh8+ Qf8 43. Qxf6 Qe7 44. Rg8+ Kd7 45. Rxc8 Qxf6+ 46. Kg4 Kxc8 0-1

[Event "Junior Online 4NCL Division 4"]
[Site "online"]
[Date "2021.09.02"]
[EventDate "2021.09.02"]
[Round "2.206"]
[White "Illingworth-Law, Oscar"]
[WhiteElo "1008"]
[WhiteTeam "Edgware Gambits H"]
[Black "Mishra, Mihir"]
[BlackElo "940"]
[BlackTeam "Chess Challengers G"]
[Result "0-1"]
[PlyCount "48"]

1. e4 e5 2. Nf3 d6 3. Nc3 Nf6 4. d3 Nc6 5. Be2 Nd4 6. Nxd4 exd4 7. Na4 b5 8. b3 bxa4 9. bxa4 c5 10. c4 Qa5+ 11. Bd2 Qc7 12. O-O Bg4 13. Bxg4 Nxg4 14. Qxg4 Qd7 15. Qh4 Be7 16. Qh5 g6 17. Qh6 O-O-O 18. Qg7 Qe6 19. Ba5 Rd7 20. Qh6 Bf8 21. Qc1 Qe5 22. Qb2 d5 23. exd5 Bd6 24. Rab1 Qxh2# 0-1

[Event "Junior Online 4NCL Division 4"]
[Site "online"]
[Date "2021.09.02"]
[EventDate "2021.09.02"]
[Round "2.207"]
[White "Rajaram, Hamsikha"]
[WhiteElo "940"]
[WhiteTeam "Chess Challengers G"]
[Black "Yarranton, Isaac"]
[BlackElo "1000"]
[BlackTeam "Edgware Gambits H"]
[Result "0-1"]
[PlyCount "66"]

1. e4 e5 2. Nf3 Nf6 3. Nc3 Bb4 4. Ke2 Bxc3 5. Ke1 Bd4 6. d3 c6 7. Nxd4 exd4 8. e5 Qa5+ 9. Bd2 Qxe5+ 10. Be2 Nd5 11. Kf1 Nf4 12. Bxf4 Qxf4 13. Bh5 g6 14. Be2 d6 15. Ke1 h5 16. Qd2 Qxd2+ 17. Kxd2 Bg4 18. Bxg4 hxg4 19. Ke1 g3 20. fxg3 Nd7 21. g4 O-O-O 22. g5 Rde8+ 23. Kd1 Re3 24. Kd2 Ne5 25. Kc1 Rg3 26. hxg3 Rxh1+ 27. Kd2 Rxa1 28. Ke2 Ng4 29. Kf3 f5 30. Kf4 Rxa2 31. Kf3 Rxb2 32. Kf4 Rxc2 33. Kf3 Rf2# 0-1

[Event "Junior Online 4NCL Division 4"]
[Site "online"]
[Date "2021.09.02"]
[EventDate "2021.09.02"]
[Round "2.208"]
[White "Patel, Kamran"]
[WhiteElo "930"]
[WhiteTeam "Edgware Gambits H"]
[Black "Kailaje, Vedant"]
[BlackElo "940"]
[BlackTeam "Chess Challengers G"]
[Result "1-0"]
[PlyCount "35"]

1. d4 Nf6 2. Nf3 Nc6 3. Bf4 d5 4. e3 Bf5 5. Nbd2 e6 6. c3 Bd6 7. Bxd6 cxd6 8. Nb3 O-O 9. Bd3 Bxd3 10. Qxd3 Qd7 11. O-O Qe7 12. h3 a6 13. Ng5 Na5 14. Nxa5 b6 15. Nc6 Qc7 16. Nb4 a5 17. Nc2 Nh5 18. Qxh7# 1-0

[Event "Junior Online 4NCL Division 4"]
[Site "online"]
[Date "2021.09.02"]
[EventDate "2021.09.02"]
[Round "2.211"]
[White "Matveev, Grigory"]
[WhiteElo "1137"]
[WhiteTeam "Desert Penguins Unicorn"]
[Black "Peverett, Kian"]
[BlackElo "1025"]
[BlackTeam "Surrey Kings 3"]
[Result "0-1"]
[PlyCount "50"]

1. d4 d5 2. c4 e6 3. Nc3 Nf6 4. e3 c5 5. Nf3 Nc6 6. Be2 Bd6 7. O-O O-O 8. dxc5 Bxc5 9. a3 Re8 10. cxd5 Nxd5 11. Nxd5 exd5 12. b4 Bb6 13. Bb2 Bf5 14. Nd4 Nxd4 15. exd4 Rc8 16. Bd3 Bg6 17. Bxg6 hxg6 18. Qd3 a5 19. bxa5 Bxa5 20. Rac1 Qf6 21. Rxc8 Rxc8 22. Qb5 Qb6 23. Qxd5 Qxb2 24. Qxa5 Qxd4 25. Qa4 Qxa4 0-1

[Event "Junior Online 4NCL Division 4"]
[Site "online"]
[Date "2021.09.02"]
[EventDate "2021.09.02"]
[Round "2.212"]
[White "Chapple, Robin"]
[WhiteElo "1048"]
[WhiteTeam "Surrey Kings 3"]
[Black "Tengayev, Temir"]
[BlackElo "895"]
[BlackTeam "Desert Penguins Unicorn"]
[Result "1-0"]
[PlyCount "29"]

1. d4 Nf6 2. c4 g6 3. Nc3 Bg7 4. e4 O-O 5. e5 Ne8 6. f4 Nc6 7. Nf3 d6 8. d5 Nb4 9. Qb3 c5 10. dxc6 bxc6 11. Qxb4 dxe5 12. Nxe5 Bxe5 13. fxe5 f6 14. Bh6 Rf7 15. c5 1-0

[Event "Junior Online 4NCL Division 4"]
[Site "online"]
[Date "2021.09.02"]
[EventDate "2021.09.02"]
[Round "2.213"]
[White "Deng, Jiahao"]
[WhiteElo "935"]
[WhiteTeam "Desert Penguins Unicorn"]
[Black "Arora, Bukkan"]
[BlackElo "1022"]
[BlackTeam "Surrey Kings 3"]
[Result "0-1"]
[PlyCount "56"]

1. e4 e5 2. Nf3 Nc6 3. Bc4 Bc5 4. Nc3 d6 5. d3 Bg4 6. Na4 Bxf3 7. Qxf3 Nf6 8. Nxc5 dxc5 9. O-O O-O 10. Bg5 Nd4 11. Qd1 h6 12. Bxf6 Qxf6 13. c3 Nc6 14. Qb3 Na5 15. Qb5 Nxc4 16. Qxc4 Rad8 17. Rad1 Rd7 18. Qxc5 Rfd8 19. Qc4 Rd6 20. Rd2 R8d7 21. Rfd1 Qd8 22. d4 exd4 23. cxd4 Rc6 24. Qb5 Rcd6 25. e5 Rxd4 26. Rxd4 Rxd4 27. Rxd4 Qxd4 28. Qxb7 Qd1# 0-1

[Event "Junior Online 4NCL Division 4"]
[Site "online"]
[Date "2021.09.02"]
[EventDate "2021.09.02"]
[Round "2.214"]
[White "Oâ€™Sullivan, Jack"]
[WhiteElo "978"]
[WhiteTeam "Surrey Kings 3"]
[Black "Becker, Mia"]
[BlackElo "700"]
[BlackTeam "Desert Penguins Unicorn"]
[Result "1-0"]
[PlyCount "47"]

1. d4 d5 2. c4 dxc4 3. e3 Bf5 4. Bxc4 Nc6 5. Qf3 Nf6 6. Qxf5 Qd6 7. Nf3 e6 8. Qg5 Be7 9. Qxg7 Rf8 10. O-O Rg8 11. Qh6 Bf8 12. Qxf6 Be7 13. Qh6 Rg6 14. Qxh7 Rf6 15. Qh8+ Bf8 16. Qxf6 Be7 17. Qh6 Bf8 18. Qh5 a5 19. Ng5 b6 20. Bxe6 Ke7 21. Qxf7+ Kd8 22. Ne4 Nb4 23. Nxd6 cxd6 24. Qd7# 1-0

[Event "Junior Online 4NCL Division 4"]
[Site "online"]
[Date "2021.09.02"]
[EventDate "2021.09.02"]
[Round "2.215"]
[White "Peverett, Kian"]
[WhiteElo "1025"]
[WhiteTeam "Surrey Kings 3"]
[Black "Matveev, Grigory"]
[BlackElo "1137"]
[BlackTeam "Desert Penguins Unicorn"]
[Result "1-0"]
[PlyCount "79"]

1. e4 c5 2. Nf3 d6 3. Nc3 e6 4. d4 cxd4 5. Nxd4 Nc6 6. Be3 Nxd4 7. Bxd4 Nf6 8. Qd2 d5 9. e5 Nd7 10. O-O-O Qc7 11. Qe3 Be7 12. Bb5 O-O 13. h4 a6 14. Ba4 b5 15. Bb3 Bb7 16. h5 Rac8 17. h6 g6 18. f4 Nc5 19. g4 Nxb3+ 20. axb3 f5 21. exf6 Bxf6 22. Qxe6+ Qf7 23. Qxf7+ Rxf7 24. Bxf6 Rxf6 25. Nxd5 Bxd5 26. Rxd5 Rxf4 27. g5 Rcf8 28. Rhd1 Rg4 29. Rd7 Rxg5 30. Rg7+ Kh8 31. Rdd7 Rg1+ 32. Kd2 Rg2+ 33. Kc3 Rg3+ 34. Kb4 a5+ 35. Kxa5 Ra8+ 36. Kb4 Rg4+ 37. Kc5 Rh4 38. Rxh7+ Kg8 39. Rdg7+ Kf8 40. Rh8# 1-0

[Event "Junior Online 4NCL Division 4"]
[Site "online"]
[Date "2021.09.02"]
[EventDate "2021.09.02"]
[Round "2.216"]
[White "Tengayev, Temir"]
[WhiteElo "895"]
[WhiteTeam "Desert Penguins Unicorn"]
[Black "Chapple, Robin"]
[BlackElo "1048"]
[BlackTeam "Surrey Kings 3"]
[Result "0-1"]
[PlyCount "120"]

1. d4 Nf6 2. c4 g6 3. Nc3 Bg7 4. Bg5 O-O 5. Nf3 d6 6. e3 c5 7. dxc5 dxc5 8. Qxd8 Rxd8 9. Be2 Nc6 10. O-O Be6 11. Rad1 a6 12. Rxd8+ Rxd8 13. Bxf6 Bxf6 14. a3 Na5 15. Ne4 Bxb2 16. Nxc5 Rc8 17. Nxe6 fxe6 18. Ng5 Nxc4 19. Bxc4 Rxc4 20. Nxe6 Ra4 21. Nc5 Rxa3 22. Nxb7 Ra1 23. Rxa1 Bxa1 24. Na5 Bc3 25. Nb3 a5 26. Nc5 Kf7 27. Nb3 a4 28. Nc1 a3 29. Na2 Bb2 30. f4 Ke6 31. Kf1 Kd5 32. Ke2 Kc4 33. Kd2 Kb3 34. e4 Kxa2 35. Kc2 Bf6 36. g3 e5 37. fxe5 Bxe5 38. g4 g5 39. h3 h6 40. Kc1 Kb3 41. Kb1 a2+ 42. Kc1 a1=Q+ 43. Kd2 Qd4+ 44. Ke2 Qxe4+ 45. Kd2 Qg2+ 46. Ke3 Qxh3+ 47. Ke4 Qxg4+ 48. Kxe5 Qf3 49. Kd4 Qe2 50. Kc5 Qd3 51. Kc6 Qd4 52. Kc7 Qd5 53. Kb6 Qc4 54. Kb7 Qc5 55. Kb8 Qc6 56. Ka7 Qb5 57. Ka8 Kc4 58. Ka7 Kd5 59. Ka8 Kc6 60. Ka7 Qb7# 0-1

[Event "Junior Online 4NCL Division 4"]
[Site "online"]
[Date "2021.09.02"]
[EventDate "2021.09.02"]
[Round "2.217"]
[White "Arora, Bukkan"]
[WhiteElo "1022"]
[WhiteTeam "Surrey Kings 3"]
[Black "Deng, Jiahao"]
[BlackElo "935"]
[BlackTeam "Desert Penguins Unicorn"]
[Result "1/2-1/2"]
[PlyCount "134"]

1. d4 d5 2. Nc3 Nf6 3. Bf4 e6 4. Nf3 Nc6 5. Nb5 Bd6 6. Nxd6+ cxd6 7. e3 e5 8. dxe5 dxe5 9. Bg3 e4 10. Ne5 Nxe5 11. Bxe5 O-O 12. Bxf6 Qxf6 13. Be2 Qxb2 14. O-O Qe5 15. Bg4 Bxg4 16. Qxg4 Rac8 17. Rac1 f5 18. Qe2 Rc4 19. f4 Qf6 20. Rb1 Qf7 21. Rb2 Rfc8 22. Rfb1 b6 23. Rb4 Rxc2 24. Qa6 Ra8 25. R4b2 Rxb2 26. Rxb2 Rc8 27. Qxc8+ Qf8 28. Qxf8+ Kxf8 29. Kf2 Ke7 30. Ke2 Kd6 31. Kd2 Kc5 32. Kc3 a5 33. g3 b5 34. h3 b4+ 35. Kb3 Kb5 36. Kc2 a4 37. a3 b3+ 38. Kc3 Ka5 39. Kd4 Kb5 40. Kxd5 Kb6 41. Ke6 Kc5 42. Kxf5 Kc4 43. Kxe4 Kc3 44. Rb1 Kc2 45. Re1 b2 46. Kd5 Kb3 47. e4 Kxa3 48. e5 Kb3 49. e6 a3 50. e7 a2 51. Re3+ Kc2 52. e8=Q a1=Q 53. Qc6+ Kb1 54. Re1+ Ka2 55. Rxa1+ bxa1=Q 56. Qa6+ Kb1 57. Qf1+ Kb2 58. Qxa1+ Kxa1 59. Ke5 Kb2 60. Ke6 Kc2 61. f5 Kd3 62. Kf7 g6 63. g4 Ke4 64. Kg7 gxf5 65. gxf5 Kxf5 66. Kxh7 Kg5 67. Kg7 Kh4 1/2-1/2

[Event "Junior Online 4NCL Division 4"]
[Site "online"]
[Date "2021.09.02"]
[EventDate "2021.09.02"]
[Round "2.218"]
[White "Becker, Mia"]
[WhiteElo "700"]
[WhiteTeam "Desert Penguins Unicorn"]
[Black "Oâ€™Sullivan, Jack"]
[BlackElo "978"]
[BlackTeam "Surrey Kings 3"]
[Result "0-1"]
[PlyCount "54"]

1. d4 d5 2. Bf4 Nc6 3. Nf3 Bf5 4. Nc3 Nf6 5. e3 e6 6. Bb5 Bd6 7. Bxc6+ bxc6 8. O-O O-O 9. Qe2 Rb8 10. Rad1 Rxb2 11. Rb1 Rxc2 12. Rbc1 Rxe2 13. Nxe2 Qb8 14. Rxc6 Bxf4 15. exf4 Qb2 16. Rxc7 Qxe2 17. Rxa7 Bd3 18. h4 Qxf1+ 19. Kh2 Ng4+ 20. Kg3 Nxf2 21. Kh2 Ng4+ 22. Kh3 Bf5 23. Kg3 Qe1+ 24. Kh3 Qf2 25. h5 Ne5+ 26. Kh2 Nxf3+ 27. Kh1 Qg1# 0-1

[Event "Junior Online 4NCL Division 4"]
[Site "online"]
[Date "2021.09.02"]
[EventDate "2021.09.02"]
[Round "2.221"]
[White "Phillips, Thomas"]
[WhiteElo "909"]
[WhiteTeam "Brentwood School C"]
[Black "McAllister, Frazer"]
[BlackElo "850"]
[BlackTeam "Knights of Fishponds"]
[Result "1-0"]
[PlyCount "79"]

1. d4 g6 2. Bf4 Bg7 3. e3 Nf6 4. c3 O-O 5. Nd2 Nc6 6. Ngf3 d6 7. Bd3 e5 8. Bg3 exd4 9. cxd4 Bg4 10. O-O Qe7 11. h3 Bxf3 12. Qxf3 Nb4 13. Be4 Nxe4 14. Qxe4 Qxe4 15. Nxe4 Nc2 16. Rac1 Nb4 17. Rxc7 Nxa2 18. Rxb7 d5 19. Nc5 Rab8 20. Bxb8 Rxb8 21. Rxb8+ Bf8 22. Nd7 Kg7 23. Rxf8 Nc3 24. bxc3 a5 25. Ra1 f5 26. Rxa5 g5 27. Rxf5 Kg6 28. Raxd5 h5 29. Rxg5+ Kh6 30. Rxh5+ Kg6 31. Rh4 Kg7 32. Rf4 Kg6 33. h4 Kh6 34. Rg5 Kh7 35. Nf6+ Kh6 36. Ng8+ Kh7 37. Rf7+ Kh8 38. Rh5+ Kxg8 39. Ra7 Kf8 40. Rh8# 1-0

[Event "Junior Online 4NCL Division 4"]
[Site "online"]
[Date "2021.09.02"]
[EventDate "2021.09.02"]
[Round "2.222"]
[White "Bleeg, Julian"]
[WhiteElo "797"]
[WhiteTeam "Knights of Fishponds"]
[Black "Edinburgh, Christian"]
[BlackElo "800"]
[BlackTeam "Brentwood School C"]
[Result "0-1"]
[PlyCount "24"]

1. e4 e5 2. Nf3 Nc6 3. Nc3 Nf6 4. Bc4 d5 5. exd5 Nd4 6. Nxd4 exd4 7. Nb5 Qe7+ 8. Be2 Nxd5 9. O-O Qg5 10. Bc4 Nf4 11. Nxc7+ Kd8 12. Nxa8 Qxg2# 0-1

[Event "Junior Online 4NCL Division 4"]
[Site "online"]
[Date "2021.09.02"]
[EventDate "2021.09.02"]
[Round "2.223"]
[White "Jassar, Ryan"]
[WhiteElo "800"]
[WhiteTeam "Brentwood School C"]
[Black "Walker, Rhys"]
[BlackElo "850"]
[BlackTeam "Knights of Fishponds"]
[Result "1-0"]
[PlyCount "51"]

1. Nf3 d5 2. e3 Bg4 3. h3 Bf5 4. Bd3 Bxd3 5. cxd3 Nc6 6. e4 e6 7. e5 Bc5 8. O-O Bd4 9. Nc3 Nge7 10. Qa4 Qd7 11. Nxd4 Nxd4 12. Qxd4 O-O-O 13. Qxa7 Qc6 14. Na4 Kd7 15. Nc5+ Ke8 16. Nxb7 Nc8 17. Qb8 Kd7 18. Qa7 Nxa7 19. Na5 Qa4 20. Nb7 Rb8 21. Nc5+ Kc6 22. Nxa4 Rb4 23. b3 Rd4 24. Nb2 Nb5 25. a4 Na3 26. Rxa3 1-0

[Event "Junior Online 4NCL Division 4"]
[Site "online"]
[Date "2021.09.02"]
[EventDate "2021.09.02"]
[Round "2.224"]
[White "Huke, Senna"]
[WhiteElo "850"]
[WhiteTeam "Knights of Fishponds"]
[Black "Glover, Riley"]
[BlackElo "800"]
[BlackTeam "Brentwood School C"]
[Result "0-1"]
[PlyCount "30"]

1. d4 e6 2. e4 d6 3. Bd3 Be7 4. Be3 Bd7 5. Nf3 Nf6 6. Nc3 Nc6 7. O-O O-O 8. Qd2 Qe8 9. Rfe1 Rd8 10. Rad1 Ng4 11. Ng5 Bxg5 12. Bxg5 Nxd4 13. Bxd8 Qxd8 14. Kh1 Qh4 15. g3 Qxh2# 0-1